[Event "Chigorin Memorial 28th"]
[Site "St Petersburg"]
[Date "2021.10.29"]
[Round "7"]
[White "Kiseleva, Arina"]
[Black "Jara, Erik"]
[Result "0-1"]
[WhiteElo "1970"]
[BlackElo "2162"]
[PlyCount "198"]
[EventDate "2021.10.23"]
[EventType "swiss"]
[EventRounds "9"]
[EventCountry "RUS"]
[SourceTitle "EXT 2023"]
[Source "ChessBase"]
[SourceDate "2022.10.05"]
[SourceVersion "1"]
[SourceVersionDate "2022.10.05"]
[SourceQuality "1"]

1. Nf3 Nf6 2. c4 c5 3. Nc3 Nc6 4. e4 g6 5. Be2 Bg7 6. d3 d6 7. Bg5 Rb8 8. h3 a6 9. a4 Bd7 10. Qd2 h6 11. Be3 e5 12. Nd5 Nxd5 13. cxd5 Nd4 14. Bd1 f5 15. g3 Qf6 16. Qc1 fxe4 17. Bxd4 exf3 18. Be3 Rc8 19. a5 Bb5 20. Ba4 Qf7 21. Qc4 0-0 22. Bxb5 axb5 23. Qe4 c4 24. 0-0 cxd3 25. Qxd3 Rc4 26. Kh2 e4 27. Qd2 Rfc8 28. a6 bxa6 29. Rxa6 Rc2 30. Qb4 Qxd5 31. Rxd6 Qf5 32. Rfd1 Rxb2 33. Rd8+ Kh7 34. Qe7 Rxd8 35. Qxd8 Rc2 36. Rd7 Qe5 37. Bd4 Rxf2+ 38. Bxf2 e3 39. Bxe3 Qxe3 40. Rd2 b4 41. Qd3 Qe6 42. Qxf3 b3 43. Qb7 b2 44. Rxb2 Qe5 45. Rc2 h5 46. h4 Qf5 47. Ra2 Kh6 48. Qg2 Qe5 49. Qd2+ Kh7 50. Ra7 Qf6 51. Qa2 Qd4 52. Ra8 Kh6 53. Qc2 Qf6 54. Ra5 Qf7 55. Qd2+ Kh7 56. Rd5 Qf6 57. Rd7 Qe5 58. Qf4 Qe2+ 59. Kh3 Qe6+ 60. Kg2 Qxd7 61. Kh2 Qd4 62. Qf3 Qd2+ 63. Kh3 Qd7+ 64. Kh2 Qf5 65. Qb7 Kh6 66. Qc7 Be5 67. Qc1+ Kh7 68. Qe3 Qc2+ 69. Kh3 Qc3 70. Qg5 Bf6 71. Qd5 Qe1 72. Qf7+ Bg7 73. Qf3 Qg1 74. Qb7 Qf1+ 75. Kh2 Qe2+ 76. Kh1 Qg4 77. Kg2 Kh6 78. Qf7 Qe4+ 79. Kh2 Qf5 80. Qa2 Be5 81. Qd2+ Kh7 82. Qe3 Qf6 83. Kg2 Bd4 84. Qe2 Qe5 85. Qf3 Qf5 86. Qe2 Qd5+ 87. Kh2 Be5 88. Qf2 Kg7 89. Qa7+ Qf7 90. Qe3 Qc7 91. Kh3 Qc3 92. Qf2 Qa1 93. Qf3 Qd4 94. Kg2 Qb2+ 95. Kh3 Qb1 96. Kg2 Qc2+ 97. Kf1 Qf5 98. Kf2 Kf6 99. Ke3 Qxf3+ 0-1

[Event "Chigorin Memorial 28th"]
[Site "St Petersburg"]
[Date "2021.10.23"]
[Round "1"]
[White "Vershinina, Anastasiia"]
[Black "Jara, Erik"]
[Result "1-0"]
[WhiteElo "1644"]
[BlackElo "2162"]
[PlyCount "91"]
[EventDate "2021.10.23"]
[EventType "swiss"]
[EventRounds "9"]
[EventCountry "RUS"]
[SourceTitle "EXT 2023"]
[Source "ChessBase"]
[SourceDate "2022.10.05"]
[SourceVersion "1"]
[SourceVersionDate "2022.10.05"]
[SourceQuality "1"]

1. d4 Nf6 2. c4 e6 3. Nc3 Bb4 4. a3 Bxc3+ 5. bxc3 d5 6. e3 0-0 7. Nf3 c5 8. a4 Qa5 9. Qb3 Nc6 10. Ba3 b6 11. Rc1 Ba6 12. Ne5 Rfc8 13. Nxc6 Rxc6 14. cxd5 exd5 15. Bb5 Bxb5 16. axb5 Rc7 17. 0-0 cxd4 18. exd4 Rac8 19. Bb2 a6 20. bxa6 Qxa6 21. Ra1 Qb7 22. Qb5 Ne4 23. Ra6 Rc6 24. Ra3 Re6 25. Rfa1 Nd6 26. Qf1 Rce8 27. R3a2 Nc4 28. Ba3 Qc6 29. Bb4 h6 30. g3 Re4 31. Kg2 h5 32. Qd3 h4 33. Qf3 Qe6 34. gxh4 Rg4+ 35. Kf1 Rxh4 36. Re2 Re4 37. Rxe4 dxe4 38. Qe2 Qh3+ 39. Ke1 b5 40. f3 Qh4+ 41. Kd1 Qg5 42. fxe4 Qg1+ 43. Qe1 Qxh2 44. Qe2 Qg1+ 45. Qe1 Ne3+ 46. Kd2 1-0

[Event "ITA-ch sf 80th"]
[Site "Civitanova Marche"]
[Date "2021.07.20"]
[Round "4"]
[White "Jara, Erik"]
[Black "Carnicelli, Valerio"]
[Result "1/2-1/2"]
[WhiteElo "2110"]
[BlackElo "2286"]
[PlyCount "54"]
[EventDate "2021.07.17"]
[EventType "swiss"]
[EventRounds "9"]
[EventCountry "ITA"]
[SourceTitle "CBM 203 Extra"]
[Source "ChessBase"]
[SourceDate "2021.09.30"]
[SourceVersion "1"]
[SourceVersionDate "2021.09.30"]
[SourceQuality "1"]

1. d4 d5 2. Nf3 Nf6 3. g3 c6 4. Bg2 e6 5. 0-0 Nbd7 6. c4 Be7 7. Qc2 0-0 8. Nbd2 b6 9. e4 dxe4 10. Nxe4 Bb7 11. Rd1 Nxe4 12. Qxe4 Nf6 13. Qe2 Rc8 14. b3 Qc7 15. Bb2 Rfd8 16. Ne5 c5 17. dxc5 Bxg2 18. Kxg2 Bxc5 19. Qf3 Bd6 20. Re1 Bb4 21. Red1 Bd6 22. Re1 Bb4 23. Red1 Bc5 24. Rd3 Rxd3 25. Nxd3 Be7 26. Rd1 Rd8 27. Ne5 Rxd1 1/2-1/2

[Event "Milan Crespi op-A 33rd"]
[Site "Milan"]
[Date "2012.12.02"]
[Round "2"]
[White "Rambaldi, Francesco"]
[Black "Jara, Erik"]
[Result "1-0"]
[WhiteElo "2308"]
[BlackElo "2173"]
[PlyCount "107"]
[EventDate "2012.12.01"]
[EventType "swiss"]
[EventRounds "9"]
[EventCountry "ITA"]
[SourceTitle "CBM 151 Extra"]
[Source "ChessBase"]
[SourceDate "2012.12.18"]
[SourceVersion "1"]
[SourceVersionDate "2012.12.18"]
[SourceQuality "1"]

1. e4 c5 2. Nf3 e6 3. d4 cxd4 4. Nxd4 a6 5. c4 Qc7 6. Nc3 Nf6 7. a3 Nc6 8. Be3 Be7 9. Be2 0-0 10. 0-0 d6 11. Rc1 Nxd4 12. Bxd4 Nd7 13. Qd3 Rd8 14. f4 Bf6 15. Bxf6 Nxf6 16. Rfd1 Rd7 17. Qe3 b6 18. b4 Rb8 19. b5 a5 20. Na4 Re7 21. e5 dxe5 22. fxe5 Nd7 23. Rd6 f6 24. exf6 Qxd6 25. fxe7 Qxe7 26. Bg4 Nf6 27. Bf3 Qc7 28. c5 bxc5 29. b6 Qd6 30. Rd1 Qe7 31. Qxc5 Qe8 32. Qc7 Bd7 33. Nc5 Bb5 34. a4 Bc4 35. Bc6 Qf8 36. Ne4 Nd5 37. Bxd5 exd5 38. Nd6 Ba6 39. h3 h6 40. Qc5 Bc4 41. Qc7 Ba6 42. Qc6 Rd8 43. Qxd5+ Kh7 44. Qe4+ Kg8 45. Qe6+ Kh7 46. Qe5 Rd7 47. Rd5 Qd8 48. Kh1 g6 49. Ne8 Re7 50. Qxe7+ Qxe7 51. Rd7 Qxd7 52. Nf6+ Kg7 53. Nxd7 Bb5 54. axb5 1-0

[Event "Milan Crespi op-A 33rd"]
[Site "Milan"]
[Date "2012.12.01"]
[Round "1"]
[White "Jara, Erik"]
[Black "Sanchez, Joseph"]
[Result "1/2-1/2"]
[WhiteElo "2173"]
[BlackElo "2533"]
[PlyCount "83"]
[EventDate "2012.12.01"]
[EventType "swiss"]
[EventRounds "9"]
[EventCountry "ITA"]
[SourceTitle "CBM 151 Extra"]
[Source "ChessBase"]
[SourceDate "2012.12.18"]
[SourceVersion "1"]
[SourceVersionDate "2012.12.18"]
[SourceQuality "1"]

1. c4 e5 2. Nc3 Bb4 3. Nd5 Bd6 4. e3 c6 5. Nc3 Nf6 6. Nge2 0-0 7. a3 Re8 8. g3 Bc7 9. Bg2 d5 10. cxd5 cxd5 11. Nb5 d4 12. Nxc7 Qxc7 13. d3 dxe3 14. Bxe3 Nc6 15. 0-0 Bf5 16. d4 Rad8 17. Qa4 Bd3 18. dxe5 Qxe5 19. Rfe1 Bb5 20. Qc2 Ng4 21. Nf4 g5 22. Bd2 Qd6 23. Nd5 Nd4 24. Qc3 Ne6 25. Rad1 Ba4 26. b3 Bc6 27. Bc1 Bxd5 28. Bxd5 Qc5 29. Qf3 h5 30. Bb2 Nxf2 31. Qxf2 Rxd5 32. Rxd5 Qxd5 33. Qf6 Kf8 34. Qh8+ Ke7 35. Qf6+ Kd7 36. Qxf7+ Re7 37. Qxh5 Qc5+ 38. Kh1 Qd5+ 39. Kg1 Qc5+ 40. Kh1 Qc6+ 41. Kg1 Qb6+ 42. Kh1 1/2-1/2

[Event "Milan Molinari Memorial 6th"]
[Site "Milan"]
[Date "2012.10.28"]
[Round "6"]
[White "Andreoni, Giuseppe"]
[Black "Jara, Erik"]
[Result "1/2-1/2"]
[WhiteElo "2118"]
[BlackElo "2173"]
[PlyCount "47"]
[EventDate "2012.10.24"]
[EventType "swiss"]
[EventRounds "6"]
[EventCountry "ITA"]
[SourceTitle "EXT 2014"]
[Source "ChessBase"]
[SourceDate "2013.11.20"]
[SourceVersion "1"]
[SourceVersionDate "2013.11.20"]
[SourceQuality "1"]

1. e4 c5 2. Nf3 e6 3. Nc3 a6 4. d4 cxd4 5. Nxd4 Qc7 6. Be2 Nc6 7. 0-0 Nf6 8. Be3 Bb4 9. Na4 Be7 10. c4 d6 11. Nc3 0-0 12. Rc1 Rd8 13. f4 Bd7 14. Kh1 Qb8 15. a3 Nxd4 16. Bxd4 Bc6 17. Bd3 b5 18. Qc2 Qb7 19. Rce1 bxc4 20. Bxc4 d5 21. exd5 Nxd5 22. Bxd5 Bxd5 23. Nxd5 Qxd5 24. Bc3 1/2-1/2

[Event "Milan Crespi op 26th"]
[Site "Milan"]
[Date "2005.12.08"]
[Round "3"]
[White "Salvador, Roland"]
[Black "Jara, Erik"]
[Result "1-0"]
[WhiteElo "2397"]
[BlackElo "2139"]
[PlyCount "67"]
[EventDate "2005.12.07"]
[EventType "swiss"]
[EventRounds "7"]
[EventCountry "ITA"]
[SourceTitle "EXT 2007"]
[Source "ChessBase"]
[SourceDate "2006.11.23"]
[SourceVersion "1"]
[SourceVersionDate "2006.11.23"]
[SourceQuality "1"]

1. d4 Nf6 2. Nf3 b6 3. g3 Bb7 4. Bg2 e6 5. 0-0 c5 6. c4 cxd4 7. Qxd4 Nc6 8. Qf4 Be7 9. e4 0-0 10. Rd1 d6 11. Nc3 Qb8 12. b3 Ne5 13. Ba3 Nxf3+ 14. Bxf3 e5 15. Qe3 Bc6 16. Rd2 a6 17. Rad1 Rd8 18. Bb4 Qc7 19. a4 h6 20. Rd3 Rab8 21. Qc1 Qb7 22. Bxd6 Bxd6 23. Rxd6 Rxd6 24. Rxd6 Nxe4 25. Rxc6 Qxc6 26. Bxe4 Qc5 27. Qd1 Qa3 28. Bd5 Re8 29. Qf3 Re7 30. Ne4 Rc7 31. c5 bxc5 32. Nd6 e4 33. Bxf7+ Kh8 34. Qxe4 1-0